| 000 | 01267cam a2200337 a 4500 | ||
|---|---|---|---|
| 001 | 4491743 | ||
| 003 | OSt | ||
| 005 | 20250901165811.0 | ||
| 008 | 971120s1998 nyu 000 1 eng | ||
| 010 | _a 97046663 | ||
| 020 | _a0805057021 (hardcover : alk. paper) | ||
| 040 |
_aDLC _cDLC _dDLC _dOCoLC _dDLC |
||
| 043 | _an-us-dc | ||
| 050 | 0 | 0 |
_aPS 3569 .M537736 A82 1998 _bA82 1998 |
| 082 | 0 | 0 |
_a813/.54 _221 |
| 100 | 1 |
_aSmith, Mary-Ann Tirone, _d1944- |
|
| 245 | 1 | 3 |
_aAn American killing : _ba novel / _cby Mary-Ann Tirone Smith. |
| 250 | _a1st ed. | ||
| 260 |
_aNew York : _bHenry Holt, _c1998. |
||
| 300 |
_a360 p. ; _c24 cm. |
||
| 500 | _a"A Marian Wood book." | ||
| 650 | 0 |
_aWomen authors _xFiction. |
|
| 650 | 0 |
_aPoliticians' spouses _xFiction. |
|
| 651 | 0 |
_aWashington (D.C.) _xFiction. |
|
| 655 | 7 |
_aDetective and mystery stories. _2gsafd |
|
| 856 | 4 | 2 |
_3Contributor biographical information _uhttp://www.loc.gov/catdir/enhancements/fy0667/97046663-b.html |
| 856 | 4 | 2 |
_3Publisher description _uhttp://www.loc.gov/catdir/enhancements/fy0667/97046663-d.html |
| 906 |
_a7 _bcbc _corignew _d1 _eocip _f19 _gy-gencatlg |
||
| 942 |
_2lcc _cBK |
||
| 999 |
_c9401 _d9401 |
||